| 000 | 00887nam a22002775a 4500 | ||
|---|---|---|---|
| 005 | 20161127154405.0 | ||
| 008 | 161124s2015 ii a frb 001 0 eng d | ||
| 020 | _a9788123923956 | ||
| 040 |
_aEG-ScBUE _beng _cEG-ScBUE _dEG-ScBUE |
||
| 082 | 0 | 4 |
_222 _a615.321 _bMAL |
| 100 | 1 | _aMalviya, Sapna. | |
| 245 | 1 | 0 |
_aTextbook of pharmacognosy and phytochemistry / _cSapna Malviya, Swati Rawat, Neelesh Malviya. |
| 250 | _a1st ed. | ||
| 260 |
_aNew Delhi : _bCBS Publishers & Distributors Pvt Ltd., _c2015. |
||
| 300 |
_aviii, 373 p. : _bill. ; _c24 cm. |
||
| 500 | _aIndex : p. 369-373. | ||
| 504 | _aBibliography : p. 365-367. | ||
| 650 | 7 |
_2BUEsh _939550 _aPharmacognosy. |
|
| 650 | 7 |
_2BUEsh _aBotanical chemistry. |
|
| 650 | 7 |
_2BUEsh _aMateria medica |
|
| 651 | _2BUEsh | ||
| 653 |
_bDDent _cNovember2016 |
||
| 700 | 1 | _aRawat, Swati. | |
| 700 | 1 | _aMalviya, Neelesh. | |
| 942 | _2ddc | ||
| 999 |
_c23326 _d23298 |
||